Tulanamulak prekshapatat manab adhikar/ (Record no. 11379)

MARC details
000 -LEADER
fixed length control field 00522nam a22001817a 4500
005 - DATE AND TIME OF LATEST TRANSACTION
control field 20220919133011.0
008 - FIXED-LENGTH DATA ELEMENTS--GENERAL INFORMATION
fixed length control field 220919b ||||| |||| 00| 0 eng d
040 ## - CATALOGING SOURCE
Original cataloging agency IN-DiNC
Transcribing agency IN-DiNC
041 ## - LANGUAGE CODE
Language code of sung or spoken text Assamese
082 ## - DEWEY DECIMAL CLASSIFICATION NUMBER
Classification number 323.4
Item number HAT
100 ## - MAIN ENTRY--PERSONAL NAME
Personal name Hatiboruah, Diganta
Relator term Author
245 ## - TITLE STATEMENT
Title Tulanamulak prekshapatat manab adhikar/
Statement of responsibility, etc. by Diganta Hatiboruah
250 ## - EDITION STATEMENT
Edition statement 1st ed.
260 ## - PUBLICATION, DISTRIBUTION, ETC.
Place of publication, distribution, etc. Golaghat:
Name of publisher, distributor, etc. Saraswati prakashan,
Date of publication, distribution, etc. 2021
300 ## - PHYSICAL DESCRIPTION
Extent 264p.
650 ## - SUBJECT ADDED ENTRY--TOPICAL TERM
Topical term or geographic name entry element Human rights in a comparative perspective
942 ## - ADDED ENTRY ELEMENTS (KOHA)
Source of classification or shelving scheme Dewey Decimal Classification
Koha item type Books
Holdings
Withdrawn status Lost status Source of classification or shelving scheme Damaged status Not for loan Collection code Home library Current library Shelving location Date acquired Cost, normal purchase price Total Checkouts Full call number Barcode Date last seen Date last checked out Copy number Price effective from Koha item type Date due
    Dewey Decimal Classification     Political Science Naharkatiya College Library Naharkatiya College Library General Stacks 19/09/2022 240.00 13 323.4 HAT 29076 22/11/2023 20/11/2023 1 19/09/2022 Books  
    Dewey Decimal Classification     Political Science Naharkatiya College Library Naharkatiya College Library General Stacks 19/09/2022 240.00 25 323.4 HAT 29077 29/01/2026 29/01/2026 2 19/09/2022 Books 17/02/2026
    Dewey Decimal Classification     Political Science Naharkatiya College Library Naharkatiya College Library General Stacks 19/09/2022 240.00 19 323.4 HAT 29078 23/03/2026 19/02/2026 3 19/09/2022 Books  

Naharkatiya College © 2020. All rights reserved.

Powered By